000 00506nam a2200217Ia 4500
003 0100
008 130227s9999 xx 000 0 und d
040 _cARRUPELIB
050 _aJA71.M647 2003
100 _aMiller, David
245 _aPolitical philosophy
245 _ba very short introduction
260 _aOxford
260 _bUniversity Press
260 _C2003
300 _a147p.
300 _b 18cm.
650 _bGreene, Maxine
650 _cEducation--Philosophy
942 _2lcc
_01
999 _c5204
_d5204